Statistics for 2016 Year in Review - Sports Edition

Click here to take the quiz!

General Stats

  • This quiz has been taken 130 times
  • The average score is 8 of 12

Answer Stats

Sport Clue Answer % Correct
BaseballThis team wins the World Series after losing it for 108 yearsChicago Cubs
81%
RugbyThis sport similar to American-football is introduced to the OlympicsRugby Sevens
80%
BasketballThis NBA team defeats the Golden State Warriors in a huge upsetCleveland Cavaliers
76%
SoccerImpossibly, this club wins the English Premier LeagueLeicester City
73%
SoccerThis nation shockingly knocks England out in the UEFA EuroIceland
69%
SoccerThis player scores a winning penalty for the Brazil MNT at the OlympicsNeymar Jr.
68%
SoccerThis country wins the UEFA Euro Cup for the first timePortugal
65%
FootballThis American-football team wins Superbowl LBroncos
63%
TennisSam Querrey defeats this defending champion in WimbledonNovak Djokovic
58%
GymnasticsThis gymnast wins four gold medals in her first OlympicsSimone Biles
54%
RacingThis pro Formula One racer wins, then retiresNico Rosberg
39%
RugbyThis country wins their first gold in medal in that sportFiji
31%

Score Distribution

Percentile by Number Answered

Percent of People with Each Score

Your Score History

You have not taken this quiz